Регионална библиотека "Любен Каравелов" - Русе

Рецептурен справочник за стоматолози (Запис номер 56327)

MARC детайли
000 -Лидер
Контролно поле с фиксирана дължина 01889nam a2200385 c 4500
003 - Код на организацията, давaща контролен номер
Контролно поле BLK
005 - Дата и час на последна редакция
Контролно поле 20200424134555.0
008 - Елементи от данни с фиксирана дължина
fixed length control field 180408b bul|||||r ||||||| ||bul||
010 ## - Наследен системен номер
LC control number KNG00060307000
040 ## - Източник на каталожния запис
Идентификатор на билиотеката - собственик на записа BLK
041 ## - Код за език
Код за езика на текст/звукозапис или на отделно заглавие Български
Код за езика КДБФ Български
080 ## - УДК
Текстов определител УДК Одонтология. Болести на зъбите - Абразио (изтриване), фрактури на зъбите, зъбен камък, зъбна плака, аномалии на зъбите, флуороза на зъбите и др.
УДК код - определител по УДК 616.314
УДК определител (035)
УДК - код + определител 616.314(035)
080 ## - УДК
Текстов определител УДК Лекарствени средства според основното им действие
УДК код - определител по УДК 615.2
УДК определител (035)
УДК - код + определител 615.2(035)
100 1# - Редна дума - Автор
Автор Ботушанов, Петър Иванов
Авторска отговорност първи автор
R(LIN) 243255
139 ## - Редно поле
Редна дума Ботушанов, Петър Иванов и др.
Авторски знак Бот - Б 69
245 10 - Сведения за заглавието
Заглавие Рецептурен справочник за стоматолози
Редно поле (дума) Петър Иванов Ботушанов, Стоян Илиев Иванов, Димитринка К. Торева.
257 ## - Страна на издаване
Страна на създаване/издаване България
260 ## - Област на издателските данни
Име на издателя, разпространителя и проч. Медицина и физкултура
Година на издаване 1986
Място на издаване, разпространение и проч. София
300 ## - Физическа характеристика
Страници 151 с.
Размери/Мащаб 22 см
380 ## - Жанр
Жанр Медицина
500 ## - Общи забележки
Забележка Предм. показалец.
650 #4 - Допълнително описание по предмет – тема
Основно описание – тема или топоним Лекарства - приложение в стоматологията
9 (RLIN) 286802
650 #4 - Допълнително описание по предмет – тема
Основно описание – тема или топоним Зъби - болести
9 (RLIN) 250056
650 #4 - Допълнително описание по предмет – тема
Основно описание – тема или топоним Устна кухина - болести
9 (RLIN) 250055
653 ## - Ключова дума – ненормативна
Ключова дума лекарства
653 ## - Ключова дума – ненормативна
Ключова дума стоматология
653 ## - Ключова дума – ненормативна
Ключова дума справочници
700 1# - Други автори (авторска отговорност)
Лично име Иванов, Стоян Илиев
Автороска отговорност (Описва отношението между автора и произведението) съавт.
9 (RLIN) 369299
700 1# - Други автори (авторска отговорност)
Лично име Торева, Димитринка К.
Автороска отговорност (Описва отношението между автора и произведението) съавт.
9 (RLIN) 286801
852 ## - Местоположение
Форматна сигнатура Цб 140670
Фондова буква Хранилище
856 4# - Електронен адрес и достъп
Електронен формат pdf - файл
856 4# - Електронен адрес и достъп
Електронен формат pdf - файл
999 ## - СИСТЕМНИ КОНТРОЛНИ НОМЕРА
Koha biblionumber 56327
Koha biblioitemnumber 56327
942 ## - АРТИКУЛИ
Вид на библиотечния материал Книги
Скрит в OPAC Не
Периодичен библиозапис Да
944 ## - СЪЗДАВАНЕ И РЕДАКЦИЯ на ЗАПИСА
Създаване/Редакция Създаване
Дата на регистрацията/редакция 13.06.2004
Служител, извършил регистрацията/редакцията Людмила_Стоянова
944 ## - СЪЗДАВАНЕ И РЕДАКЦИЯ на ЗАПИСА
Създаване/Редакция Редакция
Дата на регистрацията/редакция 2020-04-24
Статус, дата на статуса Н. Р.
999 ## - СИСТЕМНИ КОНТРОЛНИ НОМЕРА
Koha biblioitemnumber 56327
Наличности
Код за отписване Код за изгубен артикул Източник на класификационната схема Код за повреда Коз за рестрикции Код за отдаване Артикулен № Име на библиотеката - собственик Име на библиотеката, в която се намира в момента Статус (Текущо местоположение) Дата на вписване в системата Местоположение - отдел Цена в лева Инвентарен номер Систематично азбучна сигнатура Баркод Номер на екземпляра Цена в евро Служебна бележка Служебен тип на артикула
Изтеглен Не е изгубен Universal Decimal Classification Не е повреден без рестрикции ползва се в читалня 89129 Регионална библиотека "Любен Каравелов" Русе Регионална библиотека "Любен Каравелов" Русе Читалня 1993-01-01 Читалня 1.14 450168 Ч 616.1/.4/Б 69 450168 1 0.58 Дост: Pk Вид: Ф N: стар фонд Дата: 01.01.1986 Дата инв: 20.03.2017 Бележки инв: Ч2017 Книги
  Не е изгубен Universal Decimal Classification Не е повреден без рестрикции ползва се в читалня 89130 Регионална библиотека "Любен Каравелов" Русе Регионална библиотека "Любен Каравелов" Русе Хранилище 1986-01-01 Хранилище 1.14 446321 Цб 140670 120000446321 2 0.58 Дост: Dp Вид: Д N: стар фонд Дата: 01.01.1986 Книги
Vip Innovations Ltd, Rousse, Bulgaria 2025